000
00288nam a22001337a 4500
008
170621b xxu||||| |||| 00| 0 eng d
020
_a
9780791453469
041
_a
eng
080
_a
32
100
_a
20
101
_a
shp
245
_a
SYSTEMS OF VIOLENCE
_c
RICHANI, N
942
_2
udc
_c
BK
999
_c
18516
_d
18516